Städte, die auf einer Karte mit A beginnen - Statistiken

Allgemein
  • Dieses Quiz wurde 138 mal gespielt
  • Das Durchschnittsergebnis liegt bei 17 aus 31
Antworten auf der Karte
Die Antworten werden auf der Karte rot bzw. grün angezeigt, abhängig davon wie oft sie richtig erraten wurden.
 
Antwortstatistiken
Stadt % Korrekt
Amsterdam
97%
Ankara
92%
Athen
88%
Algier
81%
Atlanta
77%
Antwerpen
70%
Addis Abeba
69%
Alexandria
69%
Abu Dhabi
68%
Asunción
66%
Auckland
66%
Aberdeen
63%
Accra
63%
Antananarivo
63%
Austin
63%
Amman
61%
Antalya
59%
Adelaide
57%
Aleppo
55%
Alicante
55%
Abuja
53%
Anchorage
42%
Aden
40%
Aschgabat
38%
Ahmedabad
34%
Almaty
33%
Acapulco
30%
Agra
29%
Atlantic City
15%
Angeles
9%
Amritsar
7%
Keine übereinstimmenden Quizze gefunden
Verteilung der Resultate
Anzahl Personen mit jedem Resultat
Perzentil nach korrekt beantworteten Fragen
Ihre Resultats-Entwicklung
Sie haben dieses Quiz noch nicht gespielt